=LDR 00000nam 2200000 4500 =001 INLIS000000000003592 =005 20130612091908 =008 ***********************************Ind** =035 ##$$0010-061300000003592 =041 ##$$a Ind =082 ##$$a 613 =090 ##$$a 613, hut m =100 ##$$a Hutapea, Albert M =245 ##$$a Menuju gaya hidup sehat, kiat praktis untuk setiap orang sibuk yang ingin sehat dan fit, Albert M. Hutapea; editor, Made Suartika =260 ##$$a 1993 $b Jakarta =300 ##$$a xvii, 261 hlm., 21 cm =650 ##$$a Kesehatan =700 ##$$a Suartika, Made =850 ##$$a NBPNMAT